000
00295nam a22001337a 4500
003
SGT
082
_a
617.75
_b
C14B
100
_a
BHOOTRA, AJAY KUMAR
245
_a
CONTACT LENS FITTING GUIDE
250
_a
1ST
260
_a
INDIA
_b
JAYPEE
_c
2014
650
_a
OPHTHALMOLOGY
942
_2
ddc
_c
BK
_0
10
999
_c
10233
_d
10233